| 000 | 00359nam a2200133Ia 4500 | ||
|---|---|---|---|
| 008 | 240624s9999 xx 000 0 und d | ||
| 041 | _aeng | ||
| 082 | _a346.048 ELM | ||
| 100 | _aELMSLIE MARK | ||
| 245 | _aINTELLECTUAL PROPERTY THE LIFEBLOOD OF Y | ||
| 260 |
_c2006 _aEngland _bChandos Publishing |
||
| 300 | _axiv, : 149 : p. : cm. ; 23 | ||
| 365 |
_cGBP _b28 |
||
| 999 |
_c21373 _d21373 |
||